General Knowledge #10 - Statistics

General Stats
  • This quiz has been taken 40 times
  • The average score is 7 of 10
Answer Stats
Hint Answer % Correct
What year did World War 2 end? 1945
97%
In what year did World War 1 start? 1914
95%
Who invented the telephone? Alexander Graham Bell
92%
What sport does Andy Murray play? Tennis
92%
Name the person who is credited for inventing the lightbulb. Thomas Edison
90%
Name the 8th planet from the sun. Neptune
87%
What is the capital of Indonesia? Jakarta
79%
What is Samuel Clemen's pen name? Mark Twain
54%
What was Magic Johnson's basketball number? 32
41%
Who wrote The Land Of Stories? Chris Colfer
0%
No matching quizzes found
Score Distribution
Percent of People with Each Score
Percentile by Number Answered
Your Score History
You have not taken this quiz